| 000 | 00538nam a22001937a 4500 | ||
|---|---|---|---|
| 003 | KOHA_MİRAKIL | ||
| 005 | 20240930101005.0 | ||
| 008 | 240929b2021 tu ||||| |||| 00| 0 tur d | ||
| 020 | _a9786254150074 | ||
| 040 |
_aTR-AnABB _btur _cTR-AnABB |
||
| 041 | _atur | ||
| 082 |
_a813.42 _bOZG 2021 |
||
| 100 |
_aÖzgül, Yalçın, _d1943-. |
||
| 245 | 0 |
_aEdebiyattan sinemaya / _cYalçın Özgül. |
|
| 260 |
_aAnkara : _bKlaros Yayınları, _c2021. |
||
| 300 |
_a300 sayfa ; _c21 cm. |
||
| 650 | _aTürk edebiyatı, roman | ||
| 942 |
_2ddc _cBK |
||
| 999 |
_c1644 _d1644 |
||